000 01638nam a2200493 i 4500
001 55810
003 KOSZ 005
005 20210115121458.0
008 070726s2007 pl a f f |000 0 pol
015 _aUWD 2007/19331
020 _a9788372076700
035 _a991034980199705066
035 _a(PL-WaBN)b19409679-48omnis_nlop
035 _ab19409679
035 _a(OCoLC)749164878
035 _a(PL)b0000001940967
035 _a(EXLNZ-48OMNIS_NETWORK)9910170066205606
040 _aWA N
_cWA N
_dKOSZ 005/HR
046 _k2007
080 _a54
080 _a504
080 _a(075.8)
100 1 _aKrzechowska, Maria
_eAutor
245 1 0 _aPodstawy chemii ogólnej i środowiska przyrodniczego :
_bćwiczenia laboratoryjne /
_cMaria Krzechowska.
260 _aWarszawa :
_bOficyna Wydawnicza Politechniki Warszawskiej,
_c2007.
300 _a225 s. :
_bil. ;
_c24 cm.
336 _aTekst
_btxt
_2rdacontent
337 _aBez urządzenia pośredniczącego
_bn
_2rdamedia
338 _aWolumin
_bnc
_2rdacarrier
380 _aKsiążki
380 _aPublikacje dydaktyczne
385 _mPoziom nauczania
_aSzkoły wyższe
388 _a2001-
504 _aBibliogr. s. 225.
650 7 _aChemia
_2DBN
650 7 _aŚrodowisko przyrodnicze
_2DBN
655 7 _aPodręczniki akademickie
_2DBN
658 _aChemia
658 _aOchrona środowiska
710 2 _aOficyna Wydawnicza Politechniki Warszawskiej
_4pbl
856 _uhttp://koha.tu.koszalin.pl/cgi-bin/koha/opac-detail.pl?biblionumber=55810
_zKatalog online BPK
942 _2UKD
_cKS
999 _c55810
_d55810